Nej' - Ma colombe (Paroles) - Statistiques

Statistiques générales
  • Ce quiz a été pris 57 fois
  • Le résultat moyen est 180 sur 236
Statistiques - réponses
Couplets Paroles % Correct
Couplet 1 : J'
100%
j'
100%
a
96%
à
96%
m'
96%
colombe
93%
ma
93%
Ma
93%
me
93%
t'
93%
d'
89%
Je
89%
je
89%
l'
89%
suis
89%
vole
89%
en
85%
Et
85%
la
85%
le
85%
les
85%
ai
81%
de
81%
fini
81%
on
81%
Couplet 2 : On
81%
par
81%
trop
81%
Trop
81%
tu
81%
Tu
81%
un
81%
ailes
78%
brûlé
78%
ciel
78%
des
78%
donne
78%
juste
78%
mais
78%
mon
78%
raison
78%
tienne
78%
Toucher
78%
toucher
78%
vie
78%
voulais
78%
arrière
74%
as
74%
ces
74%
claques
74%
être
74%
faire
74%
garder
74%
Histoire
74%
oublié
74%
pieds
74%
sur
74%
terre
74%
toutes
74%
identité
70%
jette
70%
mis
70%
moi
70%
qu'
70%
spectacle
70%
années
67%
coup
67%
donnée
67%
douter
67%
est
67%
Jamais
67%
Manipulée
67%
Oh
67%
oublier
67%
qui
67%
toi
67%
une
67%
fait
63%
œil
59%
avoue
56%
que
56%
si
56%
amour
52%
causé
52%
dit
52%
au
48%
cœur
48%
encore
48%
foi
48%
mes
48%
moment
48%
Pardonne-moi
48%
silence
48%
confier
44%
distances
44%
du
44%
l'or
44%
peau
44%
prends
44%
prière
44%
purifie
44%
sont
44%
tant
44%
tort
44%
vaut
44%
désaccord
41%
amer
37%
goût
37%
court
33%
mots
33%
quand
33%
rancœurs
26%
fleure
19%
laissent
15%
Aucun quiz correspondant
Distribution des résultats
% des personnes avec chaque résultat
Percentile par nombre de réponses
Votre historique - résultats
Vous n’avez pas pris ce quiz